Appareils scientifiques - Statistiques

Statistiques générales
  • Ce quiz a été pris 18 fois
  • Le résultat moyen est 12 sur 53
Statistiques - réponses
Hint Réponse % Correct
Appareil de mesure de l'intensité d'un courant électrique dans un circuit. ampèremètre
64%
Dispositif portable sensible au mouvement permettant de mesurer le nombre de pas d'une personne. podomètre
64%
Appareil qui enregistre les mesures des séismes. sismographe
64%
Appareil utilisant les propriétés de la propagation du son dans l'eau pour détecter et situer les objets sous l'eau. sonar
64%
Interrupteur automatique qui coupe le courant si l'intensité de celui-ci dépasse une certaine limite. disjoncteur
55%
Instrument qui sert à mesurer le degré d'humidité de l'air. hygromètre
55%
Instrument mesurant la résistance électrique d'un composant ou d'un circuit électrique. ohmmètre
55%
Instrument d'observation astronomique dont l'objectif est un miroir. télescope
55%
Appareil permettant de soumettre des corps, des substances à une rotation très rapide pendant des intervalles de temps variables. centrifugeuse
45%
Organe mécanique destiné à augmenter la pression d'un gaz, et donc son énergie. Il est utilisé dans l'automobile, l'aviation, les bateaux à moteur, dans l'industrie, dans les systèmes frigorifiques. compresseur
45%
Appareil servant à mesurer l'éclairement lumineux. luxmètre
45%
Ensemble d'appareils de mesures électriques regroupés en un seul boîtier, généralement constitué d'un voltmètre, d'un ampèremètre et d'un ohmmètre. multimètre
45%
Appareil de mesure médical utilisé pour mesurer la pression artérielle. tensiomètre
45%
Appareil destiné à mesurer une différence de potentiel électrique. voltmètre
45%
Appareil destiné à la séparation de produits par chauffage puis refroidissement (distillation). alambic
36%
Enceinte utilisée pour protéger des nuisances électriques et électromagnétiques extérieures afin d'empêcher un appareil électrique de polluer son environnement. cage de Faraday
36%
Dispositif permettant de maintenir un système (appareil, machine, moteur) à une température stable. thermostat
36%
Instrument destiné à la mesure de la puissance électrique active consommée dans un circuit. wattmètre
36%
Appareil qui mesure le taux d'oxygène d'un mélange gazeux ou d'un liquide. On l'utilise notamment pour mesurer le pouls. oxymètre
27%
Système qui utilise les ondes électromagnétiques pour détecter la présence, la position ainsi que la vitesse d'objets tels que les avions, les bateaux, ou la pluie. radar
27%
Dispositif rotatif, destiné à utiliser la force d'un fluide et à transmettre le mouvement au moyen d'un arbre. turbine
27%
Appareil permettant d'estimer la température de fusion d'une matière. C'est une plaque chauffante présentant un gradient de température, sur laquelle on déplace un échantillon. banc Kofler
18%
Instrument servant à mesurer la vitesse d'un corps en déplacement, dont les automobiles. cinémomètre
18%
Accélérateur de particules, lesquelles, placées dans un champ magnétique constant, décrivent une spirale constituée de demi-cercles qui grandissent à chaque impulsion. cyclotron
18%
Appareil mesurant des grandeurs électriques, des différences de potentiel ou des charges électriques. électromètre
18%
Dispositif enfermé dans un bocal, qui monte et descend quand on y fait varier la pression. ludion
18%
Instrument de mesure de l'intensité d'un champ magnétique. magnétomètre
18%
Appareil servant à mesurer la pression d'un fluide dans un espace fermé. manomètre
18%
Instrument destiné à visualiser un signal électrique, le plus souvent variable au cours du temps. oscilloscope
18%
Résistance électrique réglable qui, intercalée en série dans un circuit, permet d'en modifier l'intensité du courant. rhéostat
18%
Récipient métallique à fermeture extérieure hermétique, résistant à des pressions élevées. Il permet de dépasser la pression atmosphérique et donc de porter de l'eau liquide au-delà de 100 °C. autoclave
9%
Instrument utilisé pour déterminer la teneur en matière grasse du lait ou des produits laitiers. butyromètre
9%
Appareil servant à mesurer la quantité de chaleur dégagée ou absorbée par un corps. calorimètre
9%
Dispositif optique permettant d'obtenir un faisceau de rayons de lumière parallèles à partir d'une source de lumière. Intégré à beaucoup d'instruments de visée optique, il permet de ne pas accommoder son regard entre la mire et la zone observée. collimateur
9%
Instrument de mesure permettant d’indiquer la fréquence de rotation d'un mobile. On le trouve dans l'industrie et les transports, où il permet un contrôle et une surveillance des machines rotatives. compte-tours
9%
Four servant de réacteur chimique pour une opération d'affinage des métaux en fusion. convertisseur
9%
Récipient thermiquement isolé permettant de maintenir, pour une durée limitée, des produits à basse température. cryostat
9%
Tube à vide soumis à un champ d'induction magnétique, utilisé comme amplificateur de puissance en très haute fréquence. magnétron
9%
Appareil servant à mesurer la hauteur de la neige tombée en un temps et un lieu donnés. nivomètre
9%
Instrument permettant de déterminer la vitesse de déplacement d'un objet en mouvement. tachymètre
9%
Système de mesure de vitesse des fluides devant son nom à un physicien français. tube de Picot
9%
Détecteur permettant d'étudier le rayonnement électromagnétique solaire. bolomètre
0%
Instrument qui sert à mesurer de petites intensités de courant en utilisant leurs actions électromagnétiques. galvanomètre
0%
Instrument permettant de mesurer l'intensité du champ de la pesanteur. gravimètre
0%
Dispositif permettant de suivre la course du Soleil, généralement pour orienter toute la journée les rayons solaires vers un point ou une petite surface fixe, à l’aide de miroirs. héliotstat
0%
Instrument qui sert à mesurer la densité, la pression des liquides. hydromètre
0%
Outil de mesure concernant une inclinaison ou l'obliquité d'un plan par rapport à l'horizon. inclinomètre
0%
Instrument servant à mesurer la compressibilité des liquides. piézomètre
0%
Instrument mesurant, à une température donnée, une masse volumique ou une densité. pycnomètre
0%
Instrument servant à mesurer la capacité respiratoire pulmonaire. spiromètre
0%
Instrument d'optique servant à mesurer la distance qui sépare un observateur d'un point éloigné. télémètre
0%
Instrument d'optique, mesurant des angles dans les deux plans horizontaux et verticaux. théodolite
0%
Appareil mesurant le coefficient de frottement entre deux surfaces en contact. tribomètre
0%
Aucun quiz correspondant
Distribution des résultats
% des personnes avec chaque résultat
Percentile par nombre de réponses
Votre historique - résultats
Vous n’avez pas pris ce quiz